Refrigeración y aire acondicionado
| Format: | Section = Libro |
|---|---|
| Language: | Undetermined Spanish |
| Published: |
México
Prentice Hall
1981
|
| Subjects: |
| LEADER | 00520nam a2200193Ia 4500 | ||
|---|---|---|---|
| 008 | 240829s9999 xx 000 0 und d | ||
| 020 | |a 968-880-051-1 | ||
| 040 | |a BIBLIOTECA-RUPAP 658.25 A298 | ||
| 041 | |a spa | ||
| 082 | |a 658.25 A298 | ||
| 245 | 1 | 0 | |a Refrigeración y aire acondicionado |
| 260 | |a México |b Prentice Hall |c 1981 | ||
| 300 | |a 873 p. :il. | ||
| 650 | 7 | |a REFRIGERATION AND REFRIGERATING | |
| 650 | 7 | |b MACHINERY | |
| 650 | 7 | |c AIR – CONDITIONING. I. Tít. | |
| 942 | |c BK |2 ddc | ||
| 991 | |a TEXTO | ||
| 999 | |c 8788 | ||